00371nam a2200121Ia 4500008004100000245003400041260000900075300002900084440002400113650002100137999001900158952007200177180117s9999 xx 000 0 und d aThis week in Arts and Culture c2017 a6-8 pages, 2017 March 12 aPhilippine Panorama aARTS AND CULTURE c353414d353414 001040aCLbCLd2018-01-17l0r2018-01-17 00:00:00w2018-01-17ySE